NFL Top 10 Pass Completion 2020s - Statistics

General Stats
  • This quiz has been taken 23 times
  • The average score is 57 of 62
Answer Stats
Year Team Player % Correct
2025: 1 Patriots Drake Maye
100%
2025: 6 Lions Jared Goff
100%
2024: 2 Lions Jared Goff
100%
2023: 7 Lions Jared Goff
100%
2021: 10 Lions Jared Goff
100%
2025: 4 Bills Josh Allen
100%
2020: 4 Bills Josh Allen
100%
2024: 10 Chiefs Patrick Mahomes
100%
2023: 9 Chiefs Patrick Mahomes
100%
2022: 7 Chiefs Patrick Mahomes
100%
2024: 3 Buccaneers Baker Mayfield
95%
2025: 3 49ers Brock Purdy
95%
2023: 4 49ers Brock Purdy
95%
2025: 7 Colts Daniel Jones
95%
2022: 6 Giants Daniel Jones
95%
2024: 5 Seahawks Geno Smith
95%
2022: 1 Seahawks Geno Smith
95%
2024: 8 Eagles Jalen Hurts
95%
2024: 4 Bengals Joe Burrow
95%
2023: 10 Bengals Joe Burrow
95%
2022: 2 Bengals Joe Burrow
95%
2021: 1 Bengals Joe Burrow
95%
2025: 5 Cardinals Kyler Murray
95%
2024: 7 Cardinals Kyler Murray
95%
2021: 2 Cardinals Kyler Murray
95%
2025: 2 49ers Mac Jones
95%
2021: 8 Patriots Mac Jones
95%
2025: 8 Seahawks Sam Darnold
95%
2025: 9 Dolphins Tua Tagovailoa
95%
2024: 1 Dolphins Tua Tagovailoa
95%
2023: 5 Dolphins Tua Tagovailoa
95%
2021: 7 Dolphins Tua Tagovailoa
95%
2021: 3 Packers Aaron Rodgers
90%
2020: 1 Packers Aaron Rodgers
90%
2024: 9 Saints Derek Carr
90%
2023: 6 Saints Derek Carr
90%
2021: 5 Raiders Derek Carr
90%
2020: 10 Raiders Derek Carr
90%
2020: 2 Saints Drew Brees
90%
2024: 6 Commanders Jayden Daniels
90%
2022: 5 49ers Jimmy Garoppolo
90%
2021: 6 49ers Jimmy Garoppolo
90%
2022: 3 Chargers Justin Herbert
90%
2023: 3 Vikings Kirk Cousins
90%
2020: 9 Vikings Kirk Cousins
90%
2022: 4 Rams Matthew Stafford
90%
2021: 10 Rams Matthew Stafford
90%
2020: 6 Seahawks Russell Wilson
90%
2025: 10 Saints Spencer Rattler
90%
2022: 9 Buccaneers Tom Brady
90%
2021: 9 Buccaneers Tom Brady
90%
2023: 2 Dak Prescott
86%
2021: 4 Cowboys Dak Prescott
86%
2021: 10 Titans Ryan Tannehill
86%
2020: 3 Texans Deshaun Watson
81%
2023: 8 Ravens Lamar Jackson
81%
2023: 1 Bengals Jake Browning
76%
2022: 8 Colts Matt Ryan
76%
2020: 8 Colts Philip Rivers
76%
2020: 7 Dolphins Ryan Fitzpatrick
71%
2022: 10 Saints Andy Dalton
67%
2020: 5 Panthers Teddy Bridgewater
57%
No matching quizzes found
Score Distribution
Percent of People with Each Score
Percentile by Number Answered
Your Score History
You have not taken this quiz